[Event "34. Abierto Collado Villalba 2017"]
[Site "Collado Villalba ESP"]
[Date "2017.08.26"]
[Round "5.11"]
[White "Perez Ordoñez, Jose Ramon"]
[Black "Rojas Pozo, Jose Luis"]
[Result "1-0"]
[WhiteElo "2120"]
[BlackElo "1957"]
[PlyCount "149"]
[EventDate "2017.08.22"]
[EventType "swiss"]
[EventRounds "9"]
[EventCountry "ESP"]
[SourceTitle "Ajedrez en Madrid"]
[Source "lmi"]
[SourceDate "2017.08.22"]
[SourceVersion "1"]
[SourceVersionDate "2018.03.05"]
[SourceQuality "1"]

1. Nf3 Nf6 2. c4 c6 3. g3 d5 4. b3 Bf5 5. Bg2 h6 6. O-O Nbd7 7. Bb2 e6 8. d3
Bc5 9. Nbd2 O-O 10. a3 a5 11. Ra2 Qb6 12. Qa1 Rfd8 13. Bc3 Qa7 14. Rc2 Bh7 15.
cxd5 exd5 16. Bd4 Bxd4 17. Qxd4 Qxd4 18. Nxd4 Ne5 19. Rfc1 Ra6 20. N2f3 Nxf3+
21. Bxf3 Nd7 22. Rc3 Rb6 23. Nc2 Ne5 24. Bg2 Kf8 25. b4 axb4 26. axb4 Ra8 27.
f4 Nd7 28. Kf2 Nf6 29. h3 h5 30. Rb1 Ke7 31. Ke3 Kd6 32. Kd4 Nd7 33. e4 dxe4
34. Ne3 Ke7 35. dxe4 Ra4 36. Rcb3 Kd8 37. Nc4 Rbxb4 38. Rxb4 c5+ 39. Kc3 Rxb4
40. Rxb4 cxb4+ 41. Kxb4 f6 42. Nd6 b6 43. Kb5 Bg8 44. h4 g6 45. Bh3 Bb3 46.
Nb7+ Kc7 47. Bxd7 Kxd7 48. Kxb6 Bc2 49. Nc5+ Kd6 50. Kb5 g5 51. Kc4 gxh4 52.
gxh4 Bd1 53. Kd4 Bg4 54. Nd3 Bd7 55. Ne1 Bg4 56. Ng2 Bf3 57. Ne3 Be2 58. Nf5+
Ke6 59. Ke3 Bg4 60. Ng3 Kf7 61. f5 Ke7 62. Kf4 Kf7 63. e5 fxe5+ 64. Kxe5 Bd1
65. Kf4 Kf6 66. Ne4+ Kf7 67. Kg5 Bf3 68. Ng3 Bd5 69. Nxh5 Bg2 70. Nf4 Be4 71.
Ne6 Bxf5 72. Kxf5 Kg8 73. Kg6 Kh8 74. Ng5 Kg8 75. Nf7 1-0

[Event "34. Abierto Collado Villalba 2017"]
[Site "Collado Villalba ESP"]
[Date "2017.08.26"]
[Round "5.12"]
[White "Andrade Sandoval, Jim Carlos"]
[Black "Unciti Juan, Javier"]
[Result "0-1"]
[WhiteElo "1947"]
[BlackElo "2040"]
[PlyCount "68"]
[EventDate "2017.08.22"]
[EventType "swiss"]
[EventRounds "9"]
[EventCountry "ESP"]
[SourceTitle "Ajedrez en Madrid"]
[Source "lmi"]
[SourceDate "2017.08.22"]
[SourceVersion "1"]
[SourceVersionDate "2018.03.05"]
[SourceQuality "1"]

1. d4 e6 2. Nf3 f5 3. Bf4 Nf6 4. e3 g6 5. Be2 Bg7 6. h3 d6 7. c4 O-O 8. O-O Qe7
9. Qb3 Nbd7 10. Nc3 b6 11. Nb5 Ne8 12. Rad1 Bb7 13. Bg5 Ndf6 14. Bf4 Ne4 15.
Nc3 N8f6 16. Nd2 g5 17. Bh2 Kh8 18. Ncxe4 Nxe4 19. Nxe4 Bxe4 20. d5 f4 21. f3
Bg6 22. e4 Be5 23. Kh1 Qf6 24. Rd2 h5 25. Bg1 Rf7 26. Rfd1 Rg8 27. Bd4 Bxd4 28.
Rxd4 e5 29. R4d2 Rh7 30. Kg1 g4 31. Kh2 Qh4 32. fxg4 hxg4 33. Qd3 gxh3 34. gxh3
Bxe4 0-1

[Event "34. Abierto Collado Villalba 2017"]
[Site "Collado Villalba ESP"]
[Date "2017.08.26"]
[Round "5.13"]
[White "Lopez De Turiso, Jose Angel"]
[Black "Fernandez Aransay, Fernando"]
[Result "1/2-1/2"]
[WhiteElo "2035"]
[BlackElo "1844"]
[PlyCount "42"]
[EventDate "2017.08.22"]
[EventType "swiss"]
[EventRounds "9"]
[EventCountry "ESP"]
[SourceTitle "Ajedrez en Madrid"]
[Source "lmi"]
[SourceDate "2017.08.22"]
[SourceVersion "1"]
[SourceVersionDate "2018.03.05"]
[SourceQuality "1"]

1. d4 d5 2. Nc3 Nf6 3. Bg5 e6 4. e4 dxe4 5. Nxe4 Be7 6. Bxf6 Bxf6 7. c3 Nd7 8.
Nf3 O-O 9. Bd3 b6 10. Qe2 Bb7 11. O-O c5 12. dxc5 Nxc5 13. Nxc5 bxc5 14. Rad1
Qc7 15. Be4 Rab8 16. Bxb7 Rxb7 17. Rd2 Rfb8 18. Rfd1 g6 19. Rc2 Rd8 20. Rxd8+
Qxd8 21. Rd2 Qa5 1/2-1/2

[Event "34. Abierto Collado Villalba 2017"]
[Site "Collado Villalba ESP"]
[Date "2017.08.26"]
[Round "5.14"]
[White "Perez Gonzalez, Jesus Miguel"]
[Black "Correas Gonzalez, Jose Ramon"]
[Result "0-1"]
[WhiteElo "1599"]
[BlackElo "2018"]
[PlyCount "119"]
[EventDate "2017.08.22"]
[EventType "swiss"]
[EventRounds "9"]
[EventCountry "ESP"]
[SourceTitle "Ajedrez en Madrid"]
[Source "lmi"]
[SourceDate "2017.08.22"]
[SourceVersion "1"]
[SourceVersionDate "2018.03.05"]
[SourceQuality "1"]

1. c4 Nf6 2. Nc3 g6 3. g3 Bg7 4. Bg2 O-O 5. Nf3 d6 6. O-O c6 7. d4 Qa5 8. e4 e5
9. Bd2 exd4 10. Nxd4 Qc5 11. Nf3 Qxc4 12. Re1 Bg4 13. Bf1 Qe6 14. h3 Bxf3 15.
Qxf3 Nbd7 16. Bg2 Rfe8 17. Qd1 Rad8 18. Qc2 Ne5 19. Be3 a6 20. Bb6 Rc8 21. f4
Ned7 22. Bd4 b5 23. e5 dxe5 24. Bxe5 Nxe5 25. Rxe5 Qc4 26. Qf2 Rxe5 27. fxe5
Nd5 28. Bf1 Qb4 29. Nxd5 cxd5 30. Re1 Re8 31. a3 Qa5 32. Bg2 Rxe5 33. Rxe5 Bxe5
34. Bxd5 Qc7 35. Kg2 Kg7 36. Qe2 Bxg3 37. Qd3 Be5 38. Qe2 Qd6 39. Qf3 Qf6 40.
Qxf6+ Kxf6 41. b3 Bb2 42. a4 bxa4 43. bxa4 a5 44. Kf3 Ke7 45. Kg4 Bc1 46. Bc4
f5+ 47. Kf3 Kf6 48. Bg8 h6 49. Bc4 g5 50. Bb3 Kg6 51. Be6 h5 52. Bd7 g4+ 53.
hxg4 hxg4+ 54. Kg3 Kg5 55. Bc6 Be3 56. Kg2 f4 57. Bd5 Kh4 58. Be4 f3+ 59. Kf1
Kg3 60. Bd5 0-1

[Event "34. Abierto Collado Villalba 2017"]
[Site "Collado Villalba ESP"]
[Date "2017.08.26"]
[Round "5.15"]
[White "Elguezabal Selioutin, Dario"]
[Black "Erice Alonso, Santiago"]
[Result "1/2-1/2"]
[WhiteElo "1844"]
[BlackElo "1963"]
[PlyCount "117"]
[EventDate "2017.08.22"]
[EventType "swiss"]
[EventRounds "9"]
[EventCountry "ESP"]
[SourceTitle "Ajedrez en Madrid"]
[Source "lmi"]
[SourceDate "2017.08.22"]
[SourceVersion "1"]
[SourceVersionDate "2018.03.05"]
[SourceQuality "1"]

1. d4 d5 2. c4 e6 3. Nf3 c5 4. cxd5 exd5 5. Bg5 Be7 6. Bxe7 Nxe7 7. dxc5 Qa5+
8. Qd2 Qxc5 9. Qc3 Qxc3+ 10. Nxc3 Nbc6 11. e3 O-O 12. Be2 Bg4 13. Rd1 Rad8 14.
Nd4 Bxe2 15. Kxe2 Ne5 16. Nf3 Ng4 17. Rd2 Nf6 18. Rhd1 Rc8 19. Kf1 h6 20. Ng1
a6 21. Nge2 Rc5 22. Nf4 Rfc8 23. Nfxd5 Nexd5 24. Nxd5 Nxd5 25. Rxd5 Rxd5 26.
Rxd5 Rc2 27. Rd8+ Kh7 28. b4 Rxa2 29. Rd7 Kg6 30. Rxb7 Kf6 31. Ra7 Ra4 32. f3
Rxb4 33. Rxa6+ Ke7 34. Kf2 h5 35. e4 Rb2+ 36. Kg3 g6 37. Ra3 Re2 38. h4 Kf6 39.
Ra1 Kg7 40. Rf1 Kf6 41. Rf2 Re1 42. Kf4 Kg7 43. Ra2 Rh1 44. g3 Rb1 45. Ra5 Rb4
46. Ra3 Kf6 47. Ke3 Kg7 48. Rd3 Ra4 49. Rd4 Ra3+ 50. Kf4 Ra5 51. e5 Rb5 52. Re4
Rb6 53. Kg5 Rb5 54. Kf4 Rb6 55. g4 hxg4 56. fxg4 Ra6 57. Kg5 Ra5 58. h5 gxh5
59. gxh5 1/2-1/2

[Event "34. Abierto Collado Villalba 2017"]
[Site "Collado Villalba ESP"]
[Date "2017.08.26"]
[Round "5.16"]
[White "Esquivias Gomez, Francisco J"]
[Black "Perez Pascual, Arturo"]
[Result "0-1"]
[WhiteElo "2015"]
[BlackElo "1832"]
[PlyCount "42"]
[EventDate "2017.08.22"]
[EventType "swiss"]
[EventRounds "9"]
[EventCountry "ESP"]
[SourceTitle "Ajedrez en Madrid"]
[Source "lmi"]
[SourceDate "2017.08.22"]
[SourceVersion "1"]
[SourceVersionDate "2018.03.05"]
[SourceQuality "1"]

1. e4 e5 2. d4 exd4 3. Nf3 Bb4+ 4. c3 dxc3 5. bxc3 Be7 6. Bc4 d5 7. exd5 Nf6 8.
O-O h6 9. Qb3 O-O 10. Ba3 Bd6 11. Bxd6 Qxd6 12. a4 Nbd7 13. a5 Nc5 14. Qa2 Nfe4
15. Nfd2 Bf5 16. Nxe4 Nxe4 17. f3 Qc5+ 18. Kh1 Nd6 19. Bb3 Rfe8 20. Na3 Bd3 21.
Qd2 Bxf1 0-1

[Event "34. Abierto Collado Villalba 2017"]
[Site "Collado Villalba ESP"]
[Date "2017.08.26"]
[Round "5.17"]
[White "Garcia Galeote, Lorenzo"]
[Black "Vega De Alba, Miguel"]
[Result "1-0"]
[WhiteElo "1985"]
[BlackElo "1753"]
[PlyCount "71"]
[EventDate "2017.08.22"]
[EventType "swiss"]
[EventRounds "9"]
[EventCountry "ESP"]
[SourceTitle "Ajedrez en Madrid"]
[Source "lmi"]
[SourceDate "2017.08.22"]
[SourceVersion "1"]
[SourceVersionDate "2018.03.05"]
[SourceQuality "1"]

1. d4 d5 2. Nf3 Nf6 3. Bf4 e6 4. e3 c5 5. c3 Nc6 6. Nbd2 Be7 7. Bd3 O-O 8. Ne5
Nxe5 9. dxe5 Nd7 10. Qh5 g6 11. Qh3 f5 12. g4 c4 13. Bc2 Nc5 14. gxf5 exf5 15.
O-O-O Qa5 16. Kb1 b5 17. Rhg1 b4 18. Qh6 Rf7 19. e6 Bxe6 20. Be5 Rf6 21. Nf3 b3
22. Bxb3 cxb3 23. axb3 Ne4 24. Ng5 Nxg5 25. Rxg5 Bf7 26. Rdg1 Qb6 27. Rh5 Qe6
28. f4 a5 29. Qxh7+ Kf8 30. Qh8+ Bg8 31. Rh7 Ke8 32. Rg7 Kd7 33. Bxf6 Qxf6 34.
R1xg6 Bf7 35. Rxf6 Rxh8 36. Rfxf7 1-0

[Event "34. Abierto Collado Villalba 2017"]
[Site "Collado Villalba ESP"]
[Date "2017.08.26"]
[Round "5.18"]
[White "Zhou, Lulu"]
[Black "Rodriguez Yague, Fermin"]
[Result "1-0"]
[WhiteElo "1928"]
[BlackElo "1643"]
[PlyCount "29"]
[EventDate "2017.08.22"]
[EventType "swiss"]
[EventRounds "9"]
[EventCountry "ESP"]
[SourceTitle "Ajedrez en Madrid"]
[Source "lmi"]
[SourceDate "2017.08.22"]
[SourceVersion "1"]
[SourceVersionDate "2018.03.05"]
[SourceQuality "1"]

1. e4 c5 2. Nf3 Nc6 3. d4 cxd4 4. Nxd4 d5 5. exd5 Qxd5 6. Be3 e6 7. Nc3 Bb4 8.
Qg4 Bxc3+ 9. bxc3 Kf8 10. Nxc6 Qxc6 11. Qb4+ Ne7 12. Bc5 Qc7 13. Rd1 Ke8 14.
Bxe7 Qxe7 15. Bb5+ 1-0

[Event "34. Abierto Collado Villalba 2017"]
[Site "Collado Villalba ESP"]
[Date "2017.08.26"]
[Round "5.19"]
[White "Tarrio Ocaña, Jose Manuel"]
[Black "Andrade Sandoval, Bianca"]
[Result "1/2-1/2"]
[WhiteElo "1869"]
[BlackElo "1880"]
[PlyCount "69"]
[EventDate "2017.08.22"]
[EventType "swiss"]
[EventRounds "9"]
[EventCountry "ESP"]
[SourceTitle "Ajedrez en Madrid"]
[Source "lmi"]
[SourceDate "2017.08.22"]
[SourceVersion "1"]
[SourceVersionDate "2018.03.05"]
[SourceQuality "1"]

1. e4 c5 2. Nc3 e6 3. f4 a6 4. Nf3 d6 5. b3 b5 6. Bb2 Bb7 7. d3 Nd7 8. g3 Qc7
9. Bg2 Ngf6 10. Qe2 Be7 11. O-O c4 12. b4 O-O 13. a3 Rfe8 14. Kh1 Nb6 15. Rad1
cxd3 16. cxd3 Rac8 17. Rc1 Qd7 18. Qd2 h6 19. Ne2 Nh7 20. h3 f5 21. exf5 exf5
22. Bd4 Nd5 23. Rxc8 Rxc8 24. Rc1 Bf6 25. Bxf6 Nhxf6 26. Nfd4 Re8 27. Nc2 Nh5
28. Kh2 Nhf6 29. Ned4 Ba8 30. Re1 g6 31. Rxe8+ Qxe8 32. Qe2 Qxe2 33. Nxe2 Nb6
34. Bxa8 Nxa8 35. Kg2 1/2-1/2

[Event "34. Abierto Collado Villalba 2017"]
[Site "Collado Villalba ESP"]
[Date "2017.08.26"]
[Round "5.20"]
[White "Martinez Belen, Alejandro"]
[Black "Perez Vazquez, Manuel"]
[Result "1-0"]
[WhiteElo "1800"]
[BlackElo "1856"]
[PlyCount "61"]
[EventDate "2017.08.22"]
[EventType "swiss"]
[EventRounds "9"]
[EventCountry "ESP"]
[SourceTitle "Ajedrez en Madrid"]
[Source "lmi"]
[SourceDate "2017.08.22"]
[SourceVersion "1"]
[SourceVersionDate "2018.03.05"]
[SourceQuality "1"]

1. d4 f5 2. Nc3 d5 3. Bf4 a6 4. e3 Nf6 5. Nf3 e6 6. Bd3 Be7 7. O-O Nbd7 8. Ne2
h6 9. h3 g5 10. Be5 Rg8 11. c4 g4 12. Nf4 Nf8 13. Bxf6 Bxf6 14. Ne5 Bxe5 15.
dxe5 c6 16. hxg4 Qg5 17. gxf5 exf5 18. Qh5+ Qxh5 19. Nxh5 Nh7 20. cxd5 cxd5 21.
Rac1 Kd8 22. Nf4 Ng5 23. Kh2 b5 24. Rfd1 Bb7 25. Bxf5 Rg7 26. Ne6+ Nxe6 27.
Bxe6 d4 28. Rxd4+ Ke8 29. Bd5 Re7 30. Bxb7 Rxb7 31. Rd6 1-0

[Event "34. Abierto Collado Villalba 2017"]
[Site "Collado Villalba ESP"]
[Date "2017.08.26"]
[Round "5.21"]
[White "Perez Cameselle, Francisco Jose"]
[Black "Fernandez Garcia, Ignacio"]
[Result "1/2-1/2"]
[WhiteElo "1789"]
[BlackElo "1876"]
[PlyCount "86"]
[EventDate "2017.08.22"]
[EventType "swiss"]
[EventRounds "9"]
[EventCountry "ESP"]
[SourceTitle "Ajedrez en Madrid"]
[Source "lmi"]
[SourceDate "2017.08.22"]
[SourceVersion "1"]
[SourceVersionDate "2018.03.05"]
[SourceQuality "1"]

1. Nf3 d5 2. g3 Nd7 3. d4 Ngf6 4. c4 e6 5. Bg2 dxc4 6. Qa4 Be7 7. Nc3 c6 8.
Qxc4 O-O 9. O-O Ng4 10. h3 Ngf6 11. e4 c5 12. e5 Nb6 13. Qe2 Nfd5 14. Ne4 cxd4
15. Rd1 Bd7 16. Bd2 Rc8 17. Rac1 a6 18. Nxd4 Rxc1 19. Rxc1 Qb8 20. Nc3 Nxc3 21.
Bxc3 Rc8 22. b3 Bc5 23. Bb2 Be8 24. Kh2 Bxd4 25. Rxc8 Qxc8 26. Bxd4 Nd7 27. Qe4
Nc5 28. Qc2 b6 29. b4 Qd7 30. Bxc5 bxc5 31. Qxc5 g6 32. Qa5 Qd4 33. Qc5 Qd7 34.
Qb6 Qa4 35. Qd8 Kg7 36. Qd2 Bb5 37. Bf3 Bc4 38. Bd1 Qa3 39. Be2 Bxa2 40. Qf4
Bd5 41. Qf6+ Kg8 42. Qd8+ Kg7 43. Qf6+ Kg8 1/2-1/2

[Event "34. Abierto Collado Villalba 2017"]
[Site "Collado Villalba ESP"]
[Date "2017.08.26"]
[Round "5.22"]
[White "Tevar Sanz, Gonzalo"]
[Black "Rodriguez De Robles, Ignacio"]
[Result "0-1"]
[WhiteElo "1749"]
[BlackElo "1858"]
[PlyCount "72"]
[EventDate "2017.08.22"]
[EventType "swiss"]
[EventRounds "9"]
[EventCountry "ESP"]
[SourceTitle "Ajedrez en Madrid"]
[Source "lmi"]
[SourceDate "2017.08.22"]
[SourceVersion "1"]
[SourceVersionDate "2018.03.05"]
[SourceQuality "1"]

1. d4 Nf6 2. Bf4 e6 3. e3 d5 4. Nf3 Be7 5. Bd3 O-O 6. Ne5 c5 7. c3 Nc6 8. Nd2
Nxe5 9. dxe5 Nd7 10. h4 f6 11. Qh5 f5 12. Nf3 g6 13. Qh6 Rf7 14. Ng5 Bxg5 15.
hxg5 Nf8 16. O-O-O Qa5 17. Bb1 b5 18. g4 d4 19. exd4 cxd4 20. Rxd4 Bb7 21. gxf5
Bxh1 22. Qxh1 Rc8 23. fxg6 hxg6 24. a3 Rxc3+ 25. Kd1 Rc4 26. Rxc4 bxc4 27. Be3
Qxe5 28. Qh4 Qxb2 29. Qe4 Rd7+ 30. Ke1 Qc3+ 31. Kf1 Rd1+ 32. Kg2 Qe1 33. Bc2
Qh1+ 34. Kg3 Rg1+ 35. Kf4 Qh2+ 36. Kf3 Qh5+ 0-1

[Event "34. Abierto Collado Villalba 2017"]
[Site "Collado Villalba ESP"]
[Date "2017.08.27"]
[Round "6.1"]
[White "Moreno Ruiz, Javier"]
[Black "Longa Yauca, Javier"]
[Result "1-0"]
[WhiteElo "2460"]
[BlackElo "2261"]
[PlyCount "109"]
[EventDate "2017.08.22"]
[EventType "swiss"]
[EventRounds "9"]
[EventCountry "ESP"]
[SourceTitle "Ajedrez en Madrid"]
[Source "lmi"]
[SourceDate "2017.08.22"]
[SourceVersion "1"]
[SourceVersionDate "2018.03.05"]
[SourceQuality "1"]

1. d4 d5 2. c4 c6 3. Nc3 Nf6 4. cxd5 cxd5 5. Bf4 Nc6 6. e3 e6 7. Bd3 Bd6 8.
Bxd6 Qxd6 9. f4 Qe7 10. Nf3 O-O 11. O-O g6 12. Ne5 Nd7 13. Qf3 f6 14. Ng4 Kg7
15. Qg3 Nb6 16. Rae1 f5 17. Ne5 Nxe5 18. dxe5 a6 19. Qf2 Bd7 20. e4 fxe4 21.
Bxe4 Na4 22. Nxa4 Bxa4 23. Bd3 Rac8 24. Rc1 Rc6 25. Rxc6 Bxc6 26. Qd4 a5 27. a3
a4 28. g3 Ra8 29. Rc1 Qd8 30. Be2 Qa5 31. Kf2 Kf7 32. h4 Kg7 33. Rc3 Rc8 34.
Bd1 Rf8 35. Qb4 Qa7+ 36. Qc5 Qxc5+ 37. Rxc5 Ra8 38. Be2 Kf7 39. Ke3 Ke7 40. Kd4
Kd8 41. Rc1 Be8 42. Bd3 Ra5 43. g4 Bd7 44. h5 gxh5 45. g5 Be8 46. Bxh7 Rb5 47.
g6 Rxb2 48. g7 Bf7 49. g8=Q+ Bxg8 50. Bxg8 Kd7 51. Rg1 Rf2 52. Ke3 Ra2 53. Rg7+
Kc6 54. Bxe6 Kc5 55. Rc7+ 1-0

[Event "34. Abierto Collado Villalba 2017"]
[Site "Collado Villalba ESP"]
[Date "2017.08.27"]
[Round "6.2"]
[White "Cao Armillas, Jesus"]
[Black "Hernando Pertierra, Jose Carlos"]
[Result "0-1"]
[WhiteElo "2204"]
[BlackElo "2348"]
[PlyCount "120"]
[EventDate "2017.08.22"]
[EventType "swiss"]
[EventRounds "9"]
[EventCountry "ESP"]
[SourceTitle "Ajedrez en Madrid"]
[Source "lmi"]
[SourceDate "2017.08.22"]
[SourceVersion "1"]
[SourceVersionDate "2018.03.05"]
[SourceQuality "1"]

1. d4 g6 2. c4 Bg7 3. Nf3 d6 4. g3 Nf6 5. Bg2 c6 6. Nc3 O-O 7. O-O Qa5 8. Bd2
Qh5 9. Qb3 e5 10. Rad1 e4 11. Ng5 d5 12. cxd5 cxd5 13. Nxd5 Nxd5 14. Qxd5 h6
15. Bb4 Qxg5 16. Qxg5 hxg5 17. Bxf8 Bxf8 18. Bxe4 Nd7 19. Bg2 Nb6 20. Rd2 Rb8
21. Rc1 Bb4 22. Rd3 Bg4 23. Rc2 Bd6 24. Kf1 Be6 25. d5 Bf5 26. e4 Bd7 27. Kg1
g4 28. f4 gxf3 29. Rxf3 Kg7 30. h4 Re8 31. Rfc3 Na4 32. Rb3 Nc5 33. Re3 Na6 34.
Kh1 Nb4 35. Rd2 f6 36. a3 Na6 37. b4 Rc8 38. Kh2 Rc1 39. Bh3 Bxh3 40. Kxh3 Nb8
41. Ree2 Rc3 42. Rg2 Nd7 43. Rc2 Rxa3 44. Rc8 Kf7 45. Rd8 Nf8 46. b5 Ke7 47.
Rc8 Kd7 48. Rcc2 Rb3 49. Rcf2 Be5 50. Ra2 Rxb5 51. Rxa7 Rb3 52. Ra8 Ke7 53. Kg4
Nd7 54. Rc8 Re3 55. Rc4 Bd6 56. Kh3 b5 57. Rcc2 b4 58. Rce2 Rxe2 59. Rxe2 b3
60. g4 Be5 0-1

[Event "34. Abierto Collado Villalba 2017"]
[Site "Collado Villalba ESP"]
[Date "2017.08.27"]
[Round "6.3"]
[White "Elissalt Cardenas, Hector"]
[Black "Villacorta Nicolas, David"]
[Result "1-0"]
[WhiteElo "2360"]
[BlackElo "2048"]
[PlyCount "45"]
[EventDate "2017.08.22"]
[EventType "swiss"]
[EventRounds "9"]
[EventCountry "ESP"]
[SourceTitle "Ajedrez en Madrid"]
[Source "lmi"]
[SourceDate "2017.08.22"]
[SourceVersion "1"]
[SourceVersionDate "2018.03.05"]
[SourceQuality "1"]

1. d4 Nf6 2. c4 c5 3. d5 b5 4. Qc2 bxc4 5. e4 d6 6. Bxc4 g6 7. Nf3 Bg7 8. O-O
O-O 9. h3 Nbd7 10. Nc3 Nb6 11. Be2 Nfd7 12. Be3 f5 13. exf5 Rxf5 14. Ng5 Ne5
15. Rad1 h6 16. Nge4 Bb7 17. Ng3 Rf8 18. b3 c4 19. f4 Nd3 20. bxc4 Nb2 21. Qxb2
Na4 22. Qxb7 Nxc3 23. Rd2 1-0

[Event "34. Abierto Collado Villalba 2017"]
[Site "Collado Villalba ESP"]
[Date "2017.08.27"]
[Round "6.4"]
[White "Valles Moreno, Ivan"]
[Black "Mkrtchyan, Levon"]
[Result "1-0"]
[WhiteElo "2435"]
[BlackElo "1964"]
[PlyCount "51"]
[EventDate "2017.08.22"]
[EventType "swiss"]
[EventRounds "9"]
[EventCountry "ESP"]
[SourceTitle "Ajedrez en Madrid"]
[Source "lmi"]
[SourceDate "2017.08.22"]
[SourceVersion "1"]
[SourceVersionDate "2018.03.05"]
[SourceQuality "1"]

1. e4 e6 2. d4 d5 3. Nc3 Bb4 4. e5 c5 5. a3 Bxc3+ 6. bxc3 Ne7 7. Qg4 O-O 8. Bd3
Nbc6 9. Bg5 Qa5 10. Ne2 Ng6 11. O-O Qa4 12. f4 c4 13. Bxg6 fxg6 14. Ra2 b5 15.
h4 a5 16. Rfa1 Bd7 17. h5 gxh5 18. Qxh5 Rf7 19. g4 Raf8 20. Kg2 h6 21. Rh1 b4
22. Qg6 Ne7 23. Bxe7 Rxe7 24. Rxh6 b3 25. Ra1 Be8 26. Qh7+ 1-0

[Event "34. Abierto Collado Villalba 2017"]
[Site "Collado Villalba ESP"]
[Date "2017.08.27"]
[Round "6.5"]
[White "Martin Duque, Jesus"]
[Black "Semprun Martinez, Fernando"]
[Result "1-0"]
[WhiteElo "2386"]
[BlackElo "2193"]
[PlyCount "61"]
[EventDate "2017.08.22"]
[EventType "swiss"]
[EventRounds "9"]
[EventCountry "ESP"]
[SourceTitle "Ajedrez en Madrid"]
[Source "lmi"]
[SourceDate "2017.08.22"]
[SourceVersion "1"]
[SourceVersionDate "2018.03.05"]
[SourceQuality "1"]

1. e4 e5 2. Nf3 Nc6 3. Bc4 Bc5 4. c3 Nf6 5. d3 O-O 6. O-O d5 7. exd5 Nxd5 8. a4
Bf5 9. a5 a6 10. Re1 b5 11. axb6 Nxb6 12. Bg5 Qd6 13. b4 Nxc4 14. dxc4 Qg6 15.
Qc1 h6 16. Nh4 Qe6 17. Be3 Be7 18. Nxf5 Qxf5 19. Nd2 e4 20. Qb1 Ne5 21. Bd4 c5
22. bxc5 Nd3 23. Rxe4 Bg5 24. Qxd3 Bxd2 25. Qg3 g6 26. Re2 Bg5 27. h4 Bd8 28.
Rae1 a5 29. Re4 a4 30. Qd6 Ba5 31. Rf4 1-0

[Event "34. Abierto Collado Villalba 2017"]
[Site "Collado Villalba ESP"]
[Date "2017.08.27"]
[Round "6.6"]
[White "Robles Diaz, Jose Alberto"]
[Black "Pastor Alonso de Prado, Emilio Alberto"]
[Result "0-1"]
[WhiteElo "2088"]
[BlackElo "2176"]
[PlyCount "104"]
[EventDate "2017.08.22"]
[EventType "swiss"]
[EventRounds "9"]
[EventCountry "ESP"]
[SourceTitle "Ajedrez en Madrid"]
[Source "lmi"]
[SourceDate "2017.08.22"]
[SourceVersion "1"]
[SourceVersionDate "2018.03.05"]
[SourceQuality "1"]

1. Nf3 b6 2. g3 Bb7 3. Bg2 c5 4. c4 g6 5. O-O Bg7 6. Nc3 Nc6 7. e3 Nf6 8. d4
O-O 9. b3 cxd4 10. Nxd4 Qc8 11. Ba3 Nxd4 12. exd4 Bxg2 13. Kxg2 Re8 14. Re1 d6
15. Rc1 a6 16. Qf3 Ra7 17. h3 Qb7 18. Re2 b5 19. Nd5 Nxd5 20. Qxd5 Bxd4 21.
Qxb7 Rxb7 22. Bxd6 Rd7 23. c5 f6 24. Re4 e5 25. Re2 Rc8 26. Rec2 Kf7 27. a4 Ke6
28. axb5 axb5 29. Kf3 Ra7 30. Ke2 Rca8 31. Kd3 Kd5 32. f3 Ra3 33. Rb1 Kc6 34.
f4 Ra2 35. Rxa2 Rxa2 36. fxe5 fxe5 37. Ke4 Re2+ 38. Kf3 Re3+ 39. Kg4 b4 40. Be7
Rc3 41. Bd6 Kd5 42. h4 h5+ 43. Kh3 Bf2 44. Rd1+ Ke6 45. Kg2 Bd4 46. Rb1 Kf5 47.
Rf1+ Kg4 48. Rf6 Rxg3+ 49. Kf1 Rc3 50. Rxg6+ Kf3 51. Ke1 Be3 52. Rf6+ Bf4 0-1

[Event "34. Abierto Collado Villalba 2017"]
[Site "Collado Villalba ESP"]
[Date "2017.08.27"]
[Round "6.7"]
[White "Aziz Ortego, Omar Luis"]
[Black "Garrido Olivares, Ricard"]
[Result "0-1"]
[WhiteElo "2069"]
[BlackElo "2167"]
[PlyCount "116"]
[EventDate "2017.08.22"]
[EventType "swiss"]
[EventRounds "9"]
[EventCountry "ESP"]
[SourceTitle "Ajedrez en Madrid"]
[Source "lmi"]
[SourceDate "2017.08.22"]
[SourceVersion "1"]
[SourceVersionDate "2018.03.05"]
[SourceQuality "1"]

1. c4 e6 2. Nf3 d5 3. e3 Nf6 4. d4 c5 5. Nc3 a6 6. b3 cxd4 7. exd4 Bb4 8. Bd2
Nc6 9. a3 Bxc3 10. Bxc3 dxc4 11. bxc4 O-O 12. Bd3 b6 13. Bc2 Bb7 14. Qd3 Ne7
15. d5 Ng6 16. Rd1 exd5 17. O-O dxc4 18. Qf5 Qc8 19. Qg5 h6 20. Qg3 Nh5 21. Qd6
Nhf4 22. Ne5 Ne2+ 23. Kh1 Nxc3 24. Nxg6 fxg6 25. Qxg6 Rf6 26. Qh7+ Kf7 27. Rd4
Qe6 28. f3 Re8 29. h3 Kf8 30. Rg4 Qg8 31. Qxg8+ Kxg8 32. Rxc4 Nd5 33. Bb3 Kf8
34. Rd4 Rd6 35. Rfd1 Red8 36. Rc1 Nf6 37. Rf4 Bd5 38. Bxd5 Rxd5 39. Rc6 R5d6
40. Rc7 Rd4 41. Rf5 R8d5 42. Rxd5 Nxd5 43. Ra7 Ra4 44. Kh2 Rxa3 45. Kg3 Ra4 46.
h4 a5 47. Rd7 Nf6 48. Rb7 Rb4 49. Kh3 a4 50. Ra7 b5 51. g4 Rb3 52. Kg3 a3 53.
Kf4 b4 54. g5 hxg5+ 55. hxg5 Ne8 56. Ke4 Rb2 57. g6 a2 58. Kd3 Nd6 0-1

[Event "34. Abierto Collado Villalba 2017"]
[Site "Collado Villalba ESP"]
[Date "2017.08.27"]
[Round "6.8"]
[White "Unciti Juan, Javier"]
[Black "Perez Ordoñez, Jose Ramon"]
[Result "0-1"]
[WhiteElo "2040"]
[BlackElo "2120"]
[PlyCount "78"]
[EventDate "2017.08.22"]
[EventType "swiss"]
[EventRounds "9"]
[EventCountry "ESP"]
[SourceTitle "Ajedrez en Madrid"]
[Source "lmi"]
[SourceDate "2017.08.22"]
[SourceVersion "1"]
[SourceVersionDate "2018.03.05"]
[SourceQuality "1"]

1. e4 c5 2. c3 d5 3. exd5 Nf6 4. d4 Nxd5 5. Nf3 e6 6. Be2 cxd4 7. Qxd4 Nc6 8.
Qe4 Be7 9. O-O f5 10. Qc2 O-O 11. a3 Qc7 12. Re1 h6 13. c4 Nf4 14. Bf1 Ng6 15.
Nc3 Nce5 16. Nxe5 Nxe5 17. b4 Bf6 18. Nb5 Qb8 19. Bb2 Ng4 20. g3 Bxb2 21. Qxb2
a6 22. h3 Nf6 23. Nd4 e5 24. Nb3 e4 25. Qd2 Be6 26. Rad1 b5 27. Na5 bxc4 28.
Bxc4 Bxc4 29. Nxc4 Qe8 30. Nd6 Qh5 31. Kg2 Qf3+ 32. Kh2 Rad8 33. Qa2+ Kh7 34.
Rd2 f4 35. Qc2 g6 36. Nxe4 Nxe4 37. Rxe4 fxg3+ 38. Kg1 gxf2+ 39. Rxf2 Rd1+ 0-1